Χώρες που βρίσκονται πιο κοντά στα Νησιά Γκαλαπάγκος - Statistics

General Stats
  • This quiz has been taken 19 times
    17 since last reset
  • The average score is 8 of 9
Answer Stats
Απόσταση Χώρα % Correct
575 μίλια Ισημερινός
100%
745 μίλια Κολομβία
94%
930 μίλια Περού
88%
1,118 μίλια Παναμάς
88%
1,242 μίλια Κόστα Ρίκα
88%
1,367 μίλια Νικαράγουα
88%
1,553 μίλια Γουατεμάλα
88%
1,429 μίλια Ελ Σαλβαδόρ
81%
1,616 μίλια Μεξικό
81%
No matching quizzes found
Score Distribution
Percent of People with Each Score
Percentile by Number Answered
Your Score History
You have not taken this quiz since the last reset